Postupné změny Reforma bankovnictví v zemích střední a východní Evropy

Transformácia bankovníctva v krajinách strednej a východnej Európy. Reforma bankového sektora - prechod od jednostupňového bankového systému k dvojstupňovému (centrálna banka, komerčné banky). Vytvorenie podmienok pre medzibankovú konkurenciu. Problém nedobytných dlhov.

Salvato in:
Dettagli Bibliografici
Autore principale: Kleer, J.
Natura: Capitolo di libro
Lingua:ceco
Soggetti:
Tags: Aggiungi Tag
Nessun Tag, puoi essere il primo ad aggiungerne!!

MARC

LEADER 00000naa a2200000 4500
001 r017593
005 20221205101442.1
041 0 |a cze 
044 |a CZ 
245 1 0 |a Postupné změny  |b Reforma bankovnictví v zemích střední a východní Evropy  |c J. Kleer 
520 |a Transformácia bankovníctva v krajinách strednej a východnej Európy. Reforma bankového sektora - prechod od jednostupňového bankového systému k dvojstupňovému (centrálna banka, komerčné banky). Vytvorenie podmienok pre medzibankovú konkurenciu. Problém nedobytných dlhov. 
610 2 0 |a banky 
610 2 0 |a bankovníctvo 
610 2 0 |a transformácia 
610 2 0 |a konkurencia 
610 2 0 |a dlhy 
610 2 0 |a podnik štátny 
610 2 0 |a stredná Európa 
610 2 0 |a východná Európa 
100 1 |a Kleer, J.